000 00454nam a2200181Ia 4500
001 16475
005 20260306170312.0
008 260306t2019||||xx |||||||||||||| ||und||
041 _aESP
082 _a348.6
_bJ54M
100 _aJiménez Coronado, Ludmin Gustavo
_eAUT
245 0 _aManual de regímenes laborales sectoriales
260 _c2019
300 _a498 páginas :
_c25 cm.
650 _aGEN
654 _aCDE
942 _cLIB
_dJUS
_fJUS
_2ddc
_n
999 _c16475
_d16475